Weisberg (Record no. 6204)

MARC details
000 - LÍDER
campo de control de longitud fija 00760nam a2200205Ia 4500
008 - ELEMENTOS DE DATOS DE LONGITUD FIJA - INFORMACIÓN GENERAL
campo de control de longitud fija 0000001984 fr a 0000000000fre00
090 ## - NÚMERO DE LLAMADA DE TIPO LC LOCALMENTE ASIGNADO (OCLC)
Número de clasificación (OCLC) (R) PRU00 W23w
100 1# - ENTRADA PRINCIPAL - NOMBRE PERSONAL
Nombre de la persona Weisberg, Vladimir Grigorevitch
Fechas asociadas a un nombre 1924
245 10 - TÍTULO DECLARACIÓN
Título Weisberg
260 ## - PUBLICACIÓN, DISTRIBUCIÓN
Lugar de publicación Paris : Galerie Gorky Basmadjian
Fecha de publicación 1984
300 ## - DESCRIPCIÓN FÍSICA
Alcance [40] p.
Dimensiones / 34 cm.
500 ## - NOTA GENERAL
Nota general Exposición realizada en Galerie Gorky Basmadjian, Paris, Junio 20 Septiembre 15, 1984 \ Con el patronazgo del maestro venezolano Jesús Rafael Soto (q.e.p.d.)
600 00 - ENTRADA DE SUJETO AÑADIDO - NOMBRE PERSONAL
Nombre de la persona WEISBERG, VLADIMIR GRIGOREVITCH, 1924/
Subdivisión general TRABAJOS PICTORICOS
650 14 - ENTRADA DE SUJETO AÑADIDO - TÉRMINO TÓPICO
Término tópico o elemento de entrada del nombre geográfico ARTE CONTEMPORANEO RUSO
650 14 - ENTRADA DE SUJETO AÑADIDO - TÉRMINO TÓPICO
Subdivisión general CATALOGOS
650 14 - ENTRADA DE SUJETO AÑADIDO - TÉRMINO TÓPICO
Término tópico o elemento de entrada del nombre geográfico DIBUJOS RUSOS
650 14 - ENTRADA DE SUJETO AÑADIDO - TÉRMINO TÓPICO
Subdivisión general EXPOSICIONES
650 14 - ENTRADA DE SUJETO AÑADIDO - TÉRMINO TÓPICO
Término tópico o elemento de entrada del nombre geográfico PINTORES RUSOS
650 14 - ENTRADA DE SUJETO AÑADIDO - TÉRMINO TÓPICO
Término tópico o elemento de entrada del nombre geográfico PINTURA RUSA
Holdings
Estado de retirada Pérdida de estatus Estado dañado No para préstamo Código de recogida Ubicación permanente Ubicación actual Ubicación de las estanterías Fecha de adquisición Número de llamada completo Código de barras Fecha de la última vez que se vio Número de copia Precio efectivo desde Tipo de artículo Koha
        General ArtNexus ArtNexus General 06/09/2022 P-RU-00 W23W 6208 06/09/2022 Ej.1 06/09/2022 Libro

Powered by Koha